| 000 | 00841nam a22002055i 4500 | ||
|---|---|---|---|
| 001 | 153762 | ||
| 003 | ES-MaACL | ||
| 005 | 20250827062631.0 | ||
| 008 | 981008s1891 sp |||| | spa d | ||
| 040 |
_aCCPB | B _bspa _cCCPB | B |
||
| 110 | 1 |
_aEspaña _93622 |
|
| 240 | 1 | 0 | _aLey electoral, 1890 |
| 245 | 1 | 0 |
_aLey electoral para diputados á Cortes en la Península de 26 de junio de 1890 _b: con las disposiciones dictadas para su ejecución hasta 10 de febrero de 1891, precedida de un índice de sus títulos y capítulos y seguida de un repertorio alfabético. |
| 260 |
_aMadrid : _b[s.n.], _c1891 ( _fImprenta de los Hijos de J. A. García) |
||
| 300 |
_a316 p. ; _c19 cm. |
||
| 651 |
_aEspaña- _xLegislación. _9222108 |
||
| 752 |
_aEspaña - _dMadrid |
||
| 852 |
_aES-MaACL _jF-12832 _z-- Enc. pasta |
||
| 999 |
_c153762 _d153762 |
||